[Event "38th Olympiad w"]
[Site "Dresden GER"]
[Date "2008.11.15"]
[Round "3"]
[White "Jose Polanco,Ken"]
[Black "Machalova,M"]
[Result "0-1"]
[WhiteElo "2028"]
[BlackElo "2187"]
[EventDate "2008.11.13"]

1. d4 Nf6 2. Nf3 e6 3. Bf4 b6 4. h3 Bb7 5. Nbd2 Be7 6. e3 O-O 7. Bd3 d6 8.
O-O Nbd7 9. Qe2 Nd5 10. c3 c5 11. Bh2 cxd4 12. exd4 N7f6 13. Ng5 h6 14.
Nge4 Qd7 15. Rad1 Nxe4 16. Nxe4 Nf6 17. Nxf6+ Bxf6 18. Rfe1 Rfd8 19. Bf4
Qc6 20. Be4 Qxe4 21. Qxe4 Bxe4 22. Rxe4 Rac8 23. Re3 b5 24. a3 a5 25. Red3
b4 26. axb4 axb4 27. cxb4 Rc4 28. Rb3 Bxd4 29. b5 e5 30. Be3 Rb8 31. b6 Rb7
32. Ra1 Rc6 33. Bxd4 exd4 34. Rd1 Rbxb6 35. Rxb6 Rxb6 36. Rxd4 Kf8 37. Kf1
Ke7 38. b4 Ke6 39. Ke2 Ke5 40. Kd3 d5 41. f4+ Kd6 42. Kc3 Rc6+ 43. Kb3 Rc1
44. Rd3 Rf1 45. g3 Rg1 46. Ka4 h5 47. Kb5 Ke6 48. Re3+ Kd6 49. Ra3 g6 50.
Ra6+ Ke7 51. Ra7+ Ke6 52. Ra3 Kf5 53. Re3 d4 54. Re5+ Kf6 55. Kc4 Rxg3 56.
Kxd4 Rxh3 57. b5 Rb3 58. Kc5 h4 59. b6 h3 60. Kc6 h2 61. Re1 Kf5 62. Rh1
Kxf4 63. Rxh2 f5 64. Rc2 g5 65. Rc5 Rxb6+ 66. Kxb6 g4 67. Rc1 g3 68. Kc5 g2
69. Kd4 Kg3 70. Rc3+ Kg4 71. Rc1 f4 72. Ke4 f3 73. Rc8 f2 74. Rg8+ Kh3 0-1

[Event "38th Olympiad w"]
[Site "Dresden GER"]
[Date "2008.11.17"]
[Round "5"]
[White "Botsari,A"]
[Black "Kachiani,K"]
[Result "0-1"]
[WhiteElo "2308"]
[BlackElo "2371"]
[EventDate "2008.11.13"]

1. d4 Nf6 2. c4 g6 3. Nc3 Bg7 4. e4 d6 5. f3 O-O 6. Bg5 c5 7. d5 e6 8. Qd2
exd5 9. cxd5 Bd7 10. a4 Na6 11. Nb5 Bxb5 12. axb5 Nc7 13. Bc4 Qd7 14. Qd3
b6 15. Rd1 a6 16. bxa6 b5 17. Ba2 h6 18. Be3 Rxa6 19. Bb1 Re8 20. Ne2 Qe7
21. Kf2 Nfxd5 22. exd5 Nxd5 23. Qxd5 Qxe3+ 24. Kg3 Re5 25. Qb7 Rg5+ 26. Kh3
Rh5+ 27. Kg3 Be5+ 0-1

[Event "38th Olympiad w"]
[Site "Dresden GER"]
[Date "2008.11.17"]
[Round "5"]
[White "Michna,Mart"]
[Black "Makropoulou,M"]
[Result "1-0"]
[WhiteElo "2399"]
[BlackElo "2265"]
[EventDate "2008.11.13"]

1. d3 e5 2. Nf3 Nc6 3. e4 Nf6 4. Be2 Bc5 5. c3 d6 6. b4 Bb6 7. O-O O-O 8.
Nbd2 a6 9. Nc4 Ba7 10. Bg5 h6 11. Bh4 g5 12. Nxg5 hxg5 13. Bxg5 Kg7 14. Ne3
Ne7 15. Bg4 Nxg4 16. Nxg4 Bxg4 17. Qxg4 f6 18. Be3+ Ng6 19. Bxa7 Rxa7 20.
f4 Kf7 21. f5 Nf4 22. g3 Rg8 23. Qd1 Ra8 24. Kh1 Rxg3 25. Rxf4 exf4 26.
Qh5+ Ke7 27. Qh7+ Ke8 28. hxg3 fxg3 29. Kg2 Qe7 30. Rh1 Qxh7 31. Rxh7 Ra7
32. Rxc7 Kd8 33. Rh7 a5 34. b5 a4 35. a3 1-0

[Event "38th Olympiad w"]
[Site "Dresden GER"]
[Date "2008.11.17"]
[Round "5"]
[White "Fakhiridou,E"]
[Black "Ohme,M"]
[Result "1-0"]
[WhiteElo "2248"]
[BlackElo "2237"]
[EventDate "2008.11.13"]

1. e4 c5 2. Nf3 d6 3. d4 cxd4 4. Nxd4 Nf6 5. Nc3 Nc6 6. g3 Bg4 7. f3 Bd7 8.
Be3 e6 9. Qd2 a6 10. g4 Nxd4 11. Bxd4 Bc6 12. O-O-O Qc7 13. Kb1 O-O-O 14.
g5 Nd7 15. f4 Nc5 16. Bg2 b5 17. a3 Rd7 18. f5 Qb7 19. fxe6 Nxe6 20. Nd5
Nxd4 21. Qxd4 Kb8 22. Bh3 Rd8 23. Rhf1 Re8 24. Bf5 Re5 25. h4 Bxd5 26. exd5
g6 27. Bg4 Bg7 28. Qb4 Qe7 29. Qc3 Re8 30. Qc6 Ka7 31. Bc8 Rxc8 32. Qxc8 f5
33. gxf6 Bxf6 34. Rd3 Re1+ 35. Rxe1 Qxe1+ 36. Ka2 Qe5 37. Qc7+ Ka8 38. Qc6+
Ka7 39. Rc3 Qf5 40. Qc7+ Ka8 41. Rc6 Qxd5+ 42. b3 1-0

[Event "38th Olympiad w"]
[Site "Dresden GER"]
[Date "2008.11.17"]
[Round "5"]
[White "Delgado Crespo,M"]
[Black "Paulet,I"]
[Result "1/2-1/2"]
[WhiteElo "2277"]
[BlackElo "2307"]
[EventDate "2008.11.13"]

1. e4 c5 2. Nf3 d6 3. d4 cxd4 4. Nxd4 Nf6 5. Nc3 a6 6. h3 e6 7. g4 b5 8.
Bg2 Bb7 9. O-O b4 10. Nd5 exd5 11. exd5 Be7 12. g5 Nfd7 13. Nc6 Qc7 14.
Nxe7 Kxe7 15. Re1+ Kd8 16. Qe2 Nb6 17. Bf4 a5 18. c4 Na6 19. c5 Nxc5 20.
Rac1 Qd7 21. Qd2 Rc8 22. Qd4 Rg8 23. Bf3 Nca4 24. Rc6 Bxc6 25. dxc6 Rxc6
26. Bxc6 Qxc6 27. Bxd6 Qd5 28. Qf4 Nc8 29. Bc7+ Kd7 30. Bb8 Nd6 31. Bxd6
Re8 32. Rxe8 Kxe8 33. Qe3+ Qe6 34. Be5 g6 35. Bc7 Qxe3 36. fxe3 Nxb2 37.
Bxa5 Nd3 38. Kg2 Kd7 39. Kf3 Kc6 40. Ke4 Nf2+ 41. Ke5 Kb5 42. Bd8 Nxh3 43.
Kf6 Ka4 44. Be7 Ka3 45. e4 Nf2 46. e5 Ng4+ 47. Kxf7 Nxe5+ 48. Kg7 Kxa2 49.
Bxb4 Kb3 50. Bd6 Nf3 51. Be7 Kc4 52. Kxh7 Nh4 53. Bd6 Kd5 54. Bg3 Nf3 55.
Kxg6 Nxg5 56. Kxg5 1/2-1/2

[Event "38th Olympiad w"]
[Site "Dresden GER"]
[Date "2008.11.17"]
[Round "5"]
[White "Motoc,A"]
[Black "Llaneza Vega,P"]
[Result "1-0"]
[WhiteElo "2313"]
[BlackElo "2246"]
[EventDate "2008.11.13"]

1. d4 Nf6 2. c4 g6 3. Nc3 Bg7 4. e4 d6 5. h3 O-O 6. Bg5 Qe8 7. Bd3 e5 8. d5
Nh5 9. Nge2 f5 10. exf5 gxf5 11. Qd2 e4 12. Bc2 Nf6 13. O-O-O Nbd7 14. Nb5
Qd8 15. Nbd4 Ne5 16. b3 c5 17. dxc6 Nxc6 18. Nxc6 bxc6 19. Qxd6 Qa5 20. Kb1
c5 21. Be3 Bd7 22. Qxc5 Qa6 23. Rd6 Qb7 24. Rhd1 Kh8 25. Bd4 Rf7 26. Nf4
Ne8 27. Bxg7+ Nxg7 28. Qd4 1-0

[Event "38th Olympiad w"]
[Site "Dresden GER"]
[Date "2008.11.17"]
[Round "5"]
[White "Mamedjarova,T"]
[Black "Maric,A"]
[Result "1/2-1/2"]
[WhiteElo "2269"]
[BlackElo "2405"]
[EventDate "2008.11.13"]

1. d4 e6 2. c4 Nf6 3. Nc3 Bb4 4. Qc2 O-O 5. a3 Bxc3+ 6. Qxc3 b6 7. e3 Bb7
8. Nf3 a5 9. b3 d6 10. Be2 Nbd7 11. O-O Qe7 12. Bb2 Ne4 13. Qc2 f5 14. b4
axb4 15. axb4 Ndf6 16. Nd2 Nxd2 17. Rxa8 Rxa8 18. Qxd2 Qe8 19. f3 d5 20. c5
Ba6 21. Rc1 Bxe2 22. Qxe2 b5 23. Ra1 Rxa1+ 24. Bxa1 Qa8 25. Bc3 Qa4 26. h3
h5 27. h4 c6 28. Kh2 Qb3 29. Be1 Kf7 30. Qd2 Nd7 31. Bg3 Nf6 32. Be1 Nd7
33. Bg3 Nf6 34. Be1 Nd7 1/2-1/2

[Event "38th Olympiad w"]
[Site "Dresden GER"]
[Date "2008.11.17"]
[Round "5"]
[White "Bojkovic,N"]
[Black "Umudova,N"]
[Result "1/2-1/2"]
[WhiteElo "2420"]
[BlackElo "2219"]
[EventDate "2008.11.13"]

1. e4 c5 2. c3 d6 3. d4 Nf6 4. Bd3 cxd4 5. cxd4 g6 6. Nf3 Bg7 7. h3 O-O 8.
Nc3 Nc6 9. O-O e5 10. dxe5 dxe5 11. Bc4 Be6 12. Bxe6 fxe6 13. Qxd8 Raxd8
14. Be3 Nh5 15. Nb5 Nd4 16. Nc7 Nxf3+ 17. gxf3 Rxf3 18. Nxe6 Rd6 19. Nxg7
Kxg7 20. Rac1 a6 21. Rc7+ Rf7 22. Rfc1 Rdd7 23. Rxd7 Rxd7 24. Kf1 Kf6 25.
Ke2 g5 26. Rc8 Nf4+ 27. Bxf4 gxf4 28. Rf8+ Ke6 29. Re8+ Kf6 30. Rf8+ Ke6
31. Re8+ Kf6 1/2-1/2

[Event "38th Olympiad w"]
[Site "Dresden GER"]
[Date "2008.11.17"]
[Round "5"]
[White "Chelushkina,I"]
[Black "Kazimova,N"]
[Result "1/2-1/2"]
[WhiteElo "2360"]
[BlackElo "2171"]
[EventDate "2008.11.13"]

1. g3 Nf6 2. Bg2 e6 3. e4 c5 4. e5 Nd5 5. Nc3 Nxc3 6. dxc3 Nc6 7. Nf3 Be7
8. O-O O-O 9. h4 d6 10. exd6 Qxd6 11. Qxd6 Bxd6 12. Rd1 Rd8 13. Be3 e5 14.
Ng5 Bg4 15. f3 Bf5 16. g4 Bxc2 17. Rd2 Ba4 18. Ne4 Be7 19. Rxd8+ Rxd8 20.
Nxc5 Bxc5 21. Bxc5 Bb5 22. b3 Be2 23. Be3 a5 24. Kf2 Ba6 25. g5 Ne7 26. Bh3
Rd3 27. c4 Nc6 28. Bf5 Rd8 29. Be4 a4 30. h5 Nb4 31. bxa4 Nd3+ 32. Kg3 Nb2
33. g6 hxg6 34. hxg6 Nxc4 35. gxf7+ Kxf7 36. Bg5 Rd6 37. Rc1 Ke6 38. Kg4
Rd4 39. Kg3 Nd6 40. Bc2 Bc4 41. Be3 Rd5 42. Bh7 Kf7 43. Kf2 g6 44. f4 Bd3
45. Rc7+ Kf6 46. Bg8 Ra5 47. Rd7 Ra6 48. Bb3 Kf5 49. fxe5 Kxe5 50. Bc1 Bf5
51. Re7+ Kf6 52. Rc7 b5 53. axb5 Nxb5 54. Rf7+ Ke5 55. Bb2+ Kf4 56. Re7 Rc6
57. Bg7 Nd6 58. Bh6+ g5 59. Bg7 Ne4+ 60. Ke2 Bg4+ 61. Kd3 Rd6+ 62. Kc2 Ke3
63. Be5 Rd2+ 64. Kc1 Rd8 65. Bf6 Rc8+ 66. Kb2 Kf4 67. Be5+ Ke3 68. a4 Be2
69. Bc7 g4 70. Bc2 Bd3 71. Bb6+ Kd2 72. Ba5+ Ke3 73. Bb6+ Kd2 74. Bxd3 Kxd3
75. Rd7+ Ke2 76. a5 g3 77. Re7 Kf3 78. Rf7+ Ke2 79. Rg7 Rb8 80. Kc2 Kf3 81.
Rf7+ Ke2 82. Rf4 Nd2 83. Kc3 Rc8+ 84. Kb4 Rg8 85. a6 g2 86. a7 Nf3 87. Re4+
Kd2 88. Re7 g1=Q 89. Bxg1 Nxg1 90. Rg7 Ra8 91. Kb5 Ne2 92. Kb6 Kd3 93. Kb7
Rxa7+ 94. Kxa7 Nd4 95. Kb6 Ke4 96. Rd7 Ke5 97. Kc5 Nf5 98. Rd1 Ke4 99. Re1+
Ne3 100. Rh1 Ke5 101. Rh4 Ng2 102. Rh5+ Ke4 103. Rh8 Ne3 104. Re8+ Kd3 105.
Re7 Nc2 106. Rd7+ Ke4 107. Rd2 Ne3 108. Rd4+ Ke5 109. Rd8 Ke4 110. Rd7 Nf5
111. Rd8 Ne3 112. Rd4+ Ke5 113. Rd3 Ke4 114. Rd8 Nc2 115. Re8+ Kd3 116. Kd5
Nb4+ 117. Ke5 Nc6+ 118. Kf4 Kd4 119. Re1 Nb4 120. Re4+ Kc5 121. Ke3 Nd5+
122. Kd3 Nb4+ 123. Kc3 Nd5+ 124. Kb3 Nb6 125. Re5+ Kd4 126. Re8 Nd5 127.
Re1 Ne3 128. Ra1 Nd5 129. Rd1+ Kc5 130. Rd3 Nf6 1/2-1/2

[Event "38th Olympiad w"]
[Site "Dresden GER"]
[Date "2008.11.17"]
[Round "5"]
[White "Moncayo Romero,E"]
[Black "Bensdorp,M"]
[Result "0-1"]
[WhiteElo "2142"]
[BlackElo "2303"]
[EventDate "2008.11.13"]

1. e4 e5 2. Bc4 Nf6 3. d3 c6 4. Nf3 Qc7 5. O-O Be7 6. Qe2 O-O 7. Bg5 d6 8.
Nbd2 Nbd7 9. Nh4 Nc5 10. Nf5 Bxf5 11. exf5 d5 12. Bb3 Rfe8 13. Kh1 h6 14.
Bh4 Nh7 15. Bxe7 Rxe7 16. Qe3 Qd6 17. Rae1 Rae8 18. g4 b6 19. Qg3 Qf6 20.
c3 Nxb3 21. Nxb3 h5 22. Rg1 h4 23. g5 Qxf5 24. Qxh4 Nf8 25. Qg4 Qxf2 26.
Ref1 Qxb2 27. Rg3 Ng6 28. Rh3 Nf4 29. Re3 Qxa2 30. Nc1 Qd2 31. Rfe1 Qxc3
32. Ne2 Qxe1+ 0-1

[Event "38th Olympiad w"]
[Site "Dresden GER"]
[Date "2008.11.17"]
[Round "5"]
[White "Schut,L"]
[Black "Heredia Serrano,C"]
[Result "1/2-1/2"]
[WhiteElo "2153"]
[BlackElo "2105"]
[EventDate "2008.11.13"]

1. e4 c6 2. d4 d5 3. exd5 cxd5 4. c4 Nf6 5. Nc3 Be6 6. c5 g6 7. Bd3 Bg7 8.
Nf3 O-O 9. O-O Nc6 10. Bf4 Bg4 11. Be3 e5 12. Be2 e4 13. Ne5 Be6 14. Nxc6
bxc6 15. b4 Ne8 16. b5 f5 17. f4 exf3 18. Rxf3 g5 19. Rf1 f4 20. Bf2 Qa5
21. Rc1 Bd7 22. bxc6 Bxc6 23. Re1 Nf6 24. Bf3 Rfe8 25. Qb3 Rxe1+ 26. Rxe1
Qd8 27. Re6 Rb8 28. Rd6 Qxd6 29. cxd6 Rxb3 30. axb3 Kf8 31. Be2 Ke8 32. Nb5
Kd7 33. Nxa7 Kxd6 34. Nxc6 Kxc6 35. Kh1 Ne4 36. Bg1 Bf8 37. Bh5 Bb4 38. Bf3
Be1 39. Be2 Nf2+ 40. Bxf2 Bxf2 41. b4 Bxd4 42. g3 fxg3 43. hxg3 Kd6 44. Kg2
Ke5 45. Bd3 h6 46. Kf3 Bb6 47. b5 Kd4 48. Ke2 Bc7 49. g4 Bb6 50. Bg6 Ke5
51. Kf3 Bc5 52. Bf7 Kd4 53. Be6 Bb6 54. Bf5 Kc4 55. Be6 Ba7 56. Bf7 Kc5 57.
Ke2 d4 58. Be8 Kd5 59. Kd3 Ke5 60. Bd7 Kf4 61. Bc8 Ke5 1/2-1/2

[Event "38th Olympiad w"]
[Site "Dresden GER"]
[Date "2008.11.17"]
[Round "5"]
[White "Ordaz Valdes,L"]
[Black "Muminova,N"]
[Result "1-0"]
[WhiteElo "2306"]
[BlackElo "2240"]
[EventDate "2008.11.13"]

1. d4 Nf6 2. c4 e6 3. Nc3 c5 4. d5 exd5 5. cxd5 d6 6. e4 g6 7. Be2 Bg7 8.
Nf3 O-O 9. Nd2 Nbd7 10. O-O Re8 11. a4 Ne5 12. Re1 a6 13. f4 Neg4 14. Bf3
Nxe4 15. Ndxe4 Bd4+ 16. Kh1 Bxc3 17. bxc3 Rxe4 18. Rf1 Qh4 19. h3 Nf6 20.
Bxe4 Nxe4 21. Qe1 Qe7 22. c4 b6 23. Bb2 h5 24. Ra3 h4 25. Re3 Bf5 26. Kh2
Re8 27. Ba1 Qd8 28. Qc1 Ng3 29. Rxe8+ Qxe8 30. Re1 Qd8 31. Re3 Bd7 32. Qb2
f6 33. Rb3 Kf7 34. Rxb6 Qe7 35. Rb7 Nh5 36. Qf2 Ng3 37. Bc3 Ke8 38. Rb8+
Kf7 39. Rb7 Ke8 40. Ra7 Ne4 41. Qxh4 Qg7 42. Rxa6 Kd8 43. Ra8+ Kc7 44. Qe1
Kb7 45. Ra5 1-0

[Event "38th Olympiad w"]
[Site "Dresden GER"]
[Date "2008.11.17"]
[Round "5"]
[White "Linares Napoles,O"]
[Black "Gevorgyan,I"]
[Result "1/2-1/2"]
[WhiteElo "2262"]
[BlackElo "2179"]
[EventDate "2008.11.13"]

1. e4 c5 2. Nf3 e6 3. d4 cxd4 4. Nxd4 a6 5. Bd3 Nf6 6. O-O Qc7 7. Qe2 d6 8.
c4 Nbd7 9. Nc3 Be7 10. Be3 O-O 11. Rfc1 Ne5 12. f3 b6 13. a4 Bb7 14. Nb3
Nfd7 15. Nd2 Rfc8 16. b3 Qd8 17. Bb1 Bf6 18. Ra2 Nc6 19. Nf1 Nc5 20. Qd1
Qe7 21. Re2 Rd8 22. Nd5 exd5 23. exd5 Ne5 24. f4 a5 25. fxe5 Bxe5 26. Rf2
Re8 27. Bc2 Bc8 28. Bf4 Bxf4 29. Rxf4 Qe2 30. Qd4 Ra7 31. Rf2 Qg4 32. Rf4
Qe2 33. Rf2 Qe5 34. Qh4 h6 35. Rb1 Na6 36. Ng3 Qe3 37. Rbf1 Rae7 38. Bf5
Bb7 39. Bc2 Bc8 40. Bf5 Bb7 41. Bc2 1/2-1/2

[Event "38th Olympiad w"]
[Site "Dresden GER"]
[Date "2008.11.17"]
[Round "5"]
[White "Tokhirjanova,H"]
[Black "Marrero Lopez,Yan"]
[Result "1-0"]
[WhiteElo "2106"]
[BlackElo "2260"]
[EventDate "2008.11.13"]

1. e4 e5 2. Nf3 Nc6 3. d4 exd4 4. Nxd4 Bc5 5. Nxc6 Qf6 6. Qf3 bxc6 7. Nd2
Qxf3 8. gxf3 Ne7 9. Nb3 Bb6 10. a4 a5 11. Rg1 O-O 12. Be3 Bxe3 13. fxe3 f5
14. e5 f4 15. Bc4+ Kh8 16. e4 h6 17. O-O-O g6 18. Nc5 Rd8 19. Ne6 Rg8 20.
Nxc7 Rb8 21. Bxg8 Kxg8 22. Ne8 Kf8 23. Nf6 Rb7 24. Rd6 Kf7 25. Rgd1 Rb4 26.
b3 g5 27. Nxd7 Bxd7 28. Rxd7 g4 29. c3 Rxb3 30. Kc2 Ra3 31. Kb2 Rxa4 32.
Kb3 Rxe4 33. fxe4 f3 34. R1d6 h5 35. Rh6 1-0

[Event "38th Olympiad w"]
[Site "Dresden GER"]
[Date "2008.11.17"]
[Round "5"]
[White "Kopinits,A"]
[Black "Kulovana,E"]
[Result "0-1"]
[WhiteElo "2270"]
[BlackElo "2286"]
[EventDate "2008.11.13"]

1. e4 e5 2. Nf3 Nc6 3. Nc3 Nf6 4. d4 exd4 5. Nxd4 Bb4 6. Nxc6 bxc6 7. Bd3
d5 8. exd5 Qe7+ 9. Qe2 cxd5 10. O-O Qxe2 11. Nxe2 c5 12. c3 Ba5 13. b3 Bg4
14. f3 Bd7 15. Ba3 Rc8 16. Rfd1 O-O 17. Ba6 Rc7 18. c4 d4 19. Nf4 Re8 20.
Nd3 Bc3 21. Rac1 Re2 22. Bxc5 Rxa2 23. Bb5 Bxb5 24. cxb5 Nd5 25. Nb4 Bxb4
26. Bxb4 Rxc1 27. Rxc1 h6 28. Bc5 Nc3 29. Kf1 Nxb5 30. Rd1 Rb2 31. Rd3 a6
32. Bxd4 Nxd4 33. Rxd4 Rxb3 34. Ra4 Rb6 35. Ra5 Kf8 36. h4 Ke7 37. Kf2 Kd7
38. g4 Kc7 39. Kg3 Rd6 40. Ra1 Kb6 41. Rb1+ Ka7 42. Ra1 Rd5 43. Kf4 a5 44.
Re1 Rd7 45. g5 hxg5+ 46. Kxg5 Kb6 47. f4 a4 48. f5 a3 49. f6 Rd5+ 50. Kf4
g6 51. Ra1 Ra5 52. Ra2 Kc6 53. Ke4 Kd6 54. Kd4 Ke6 55. Kc4 Kxf6 56. Kb3 Ke5
0-1

[Event "38th Olympiad w"]
[Site "Dresden GER"]
[Date "2008.11.17"]
[Round "5"]
[White "Machalova,M"]
[Black "Zdebskaja,N"]
[Result "0-1"]
[WhiteElo "2187"]
[BlackElo "2419"]
[EventDate "2008.11.13"]

1. c4 Nf6 2. Nc3 e6 3. e4 d5 4. e5 d4 5. exf6 dxc3 6. bxc3 Qxf6 7. Nf3 e5
8. Bd3 Bd6 9. O-O Na6 10. Bc2 Bg4 11. d4 Bxf3 12. Qxf3 Qxf3 13. gxf3 exd4
14. Re1+ Kd8 15. cxd4 c5 16. d5 Kc7 17. a3 Rae8 18. Bb2 Nb8 19. Kh1 f6 20.
Ba4 Nd7 21. Bc3 Kd8 22. h4 Rxe1+ 23. Rxe1 Re8 24. Rg1 Re7 25. h5 h6 26.
Bxd7 Kxd7 27. Rg4 Ke8 28. Kg2 Kf7 29. Re4 f5 30. Rxe7+ Bxe7 31. a4 Bd6 32.
Bd2 Be5 33. f4 Bf6 34. Be3 b6 35. f3 g6 36. hxg6+ Kxg6 37. Bf2 Kf7 38. Be1
Ke7 39. Kf1 Kd6 40. Ke2 a6 41. Bf2 Bd8 42. Kd3 b5 43. axb5 axb5 44. Kc3 h5
45. Kb3 h4 46. cxb5 h3 47. Bg1 Kxd5 48. Kc3 Ba5+ 49. Kb3 c4+ 50. Ka4 Bb6
51. Bh2 c3 52. Kb3 Kd4 53. Kc2 Kc4 54. Bg3 Bg1 55. b6 Bxb6 56. Bh2 Bf2 0-1

[Event "38th Olympiad w"]
[Site "Dresden GER"]
[Date "2008.11.17"]
[Round "5"]
[White "Ciuksyte,D"]
[Black "Daulyte,D"]
[Result "1-0"]
[WhiteElo "2339"]
[BlackElo "2278"]
[EventDate "2008.11.13"]

1. e4 c5 2. Nf3 d6 3. d4 cxd4 4. Nxd4 Nf6 5. Nc3 g6 6. Be3 Bg7 7. f3 O-O 8.
Qd2 Nc6 9. O-O-O d5 10. exd5 Nxd5 11. Nxc6 bxc6 12. Bd4 e5 13. Bc5 Be6 14.
Ne4 Qc8 15. h4 Rd8 16. h5 Nf4 17. Qxd8+ Qxd8 18. Rxd8+ Rxd8 19. hxg6 hxg6
20. Be7 Re8 21. Nf6+ Bxf6 22. Bxf6 Nh5 23. Bxe5 Bxa2 24. Bd4 Re1+ 25. Kd2
Rb1 26. g4 c5 27. Be5 Ng7 28. b3 c4 29. b4 Rxb4 30. Kc3 Rb6 31. Bd4 Rb7 32.
f4 a5 33. Bg2 Rb4 34. Ra1 Ra4 35. Bc6 Ra3+ 36. Kb2 Rg3 37. Rxa2 Rxg4 38.
Be5 g5 39. Rxa5 gxf4 40. Bf6 f3 41. Bxf3 Rf4 42. Bxg7 Rxf3 43. Bd4 f5 44.
Ra3 Rf1 45. Ra6 Kf7 46. Kc3 1-0

[Event "38th Olympiad w"]
[Site "Dresden GER"]
[Date "2008.11.17"]
[Round "5"]
[White "Limontaite,S"]
[Black "Lauterbach,I"]
[Result "0-1"]
[WhiteElo "2197"]
[BlackElo "2178"]
[EventDate "2008.11.13"]

1. d4 d6 2. Nf3 g6 3. c4 Bg7 4. e4 c5 5. d5 Qa5+ 6. Bd2 Qb6 7. Nc3 f5 8.
Na4 Qd8 9. Bc3 Nf6 10. e5 dxe5 11. Nxc5 b6 12. Qa4+ Kf8 13. Nb3 Ne4 14.
Bxe5 Bxe5 15. Nxe5 Qd6 16. Nd3 Na6 17. Be2 e6 18. dxe6 Qxe6 19. O-O Qd7 20.
Qa3+ Qe7 21. Qxe7+ Kxe7 22. Rfe1 Kf6 23. f3 Nec5 24. Nbxc5 Nxc5 25. Nxc5
bxc5 26. Rad1 Be6 27. f4 Rad8 28. b3 h6 29. Kf2 g5 30. Bf3 Rxd1 31. Rxd1
gxf4 32. Be2 Ke5 33. Bh5 Rg8 34. Re1+ Kf6 35. Kf3 Bc8 36. Kf2 Rd8 37. Rd1
Rxd1 38. Bxd1 Bb7 39. Bf3 Be4 40. a3 a5 41. g3 Ke5 42. Bd1 fxg3+ 43. Kxg3
f4+ 44. Kg4 Bg6 45. h4 Bf7 46. Bc2 h5+ 47. Kf3 Be6 48. Bg6 Bg4+ 49. Kf2 Kd4
50. Be8 Kc3 51. a4 Kxb3 52. Bb5 Kc3 53. Ke1 Kd3 54. Kf2 Kd2 55. Bc6 Bd1 56.
Be8 Kd3 57. Bb5 Kd4 58. Ke1 Bb3 59. Kf2 Bxc4 60. Be8 Bb3 61. Ke2 c4 62. Kd2
c3+ 63. Kc1 Ke3 64. Bxh5 Bxa4 65. Bg4 Kd4 66. Bf3 Bd7 67. h5 Bf5 68. Bd1
Ke5 69. Bf3 Kf6 70. Bd1 Ke5 0-1

[Event "38th Olympiad w"]
[Site "Dresden GER"]
[Date "2008.11.17"]
[Round "5"]
[White "Krivec,J"]
[Black "Djingarova,E"]
[Result "1/2-1/2"]
[WhiteElo "2345"]
[BlackElo "2352"]
[EventDate "2008.11.13"]

1. e4 e5 2. Nc3 Nf6 3. Bc4 Nc6 4. d3 Bb4 5. Nge2 d5 6. exd5 Nxd5 7. Bxd5
Qxd5 8. O-O Qd8 9. f4 O-O 10. f5 Bxc3 11. bxc3 f6 12. Ng3 Ne7 13. Qh5 b6
14. Be3 c5 15. Rae1 Qd5 16. c4 Qf7 17. Qh4 Bb7 18. Ne4 Bxe4 19. Qxe4 g6 20.
fxg6 Qxg6 21. Qb7 Nf5 22. Rxf5 Qxf5 23. Bh6 Qg6 24. Bxf8 Rxf8 25. Qxa7 Qg4
26. Qxb6 Qd4+ 27. Kh1 Qf2 28. Qb1 Kg7 29. h3 Rb8 30. Qxb8 Qxe1+ 31. Kh2 Qa5
32. Qb7+ Kg6 33. Qe4+ Kg7 34. Qg4+ Kf7 35. Qd7+ Kg6 36. Qe8+ Kg7 37. a4 Qc7
38. Kh1 Qa5 39. Qd7+ Kh6 40. Kh2 Qd2 41. Qf5 Kg7 42. Qg4+ Kf7 43. Qe4 Kg7
44. Qf3 Kg6 45. h4 h5 46. Qe4+ Kg7 47. Qf5 Qxc2 48. a5 Qa4 49. Qxh5 Qxa5
50. Qg4+ Kf7 51. h5 Qd2 52. Qg6+ Ke6 53. Qg8+ Kd6 54. Qf8+ Ke6 55. Qe8+ Kf5
56. Qg6+ Ke6 57. Kh3 Qc1 58. Qe8+ Kd6 59. Qd8+ Ke6 60. Qd5+ Kf5 61. g4+ Kg5
62. Qf3 Qf4 63. Qxf4+ exf4 64. Kg2 f5 65. gxf5 Kxh5 66. Kf3 Kg5 67. f6 Kg6
68. Ke4 Kf7 69. Kxf4 Kxf6 70. Ke4 Ke6 71. Ke3 Ke7 72. Kd2 Kd7 73. Kc3 Kc6
74. Kb2 Kb7 75. Kb3 Kb6 76. Kc2 Kc7 77. Kc3 Kc6 1/2-1/2

[Event "38th Olympiad w"]
[Site "Dresden GER"]
[Date "2008.11.17"]
[Round "5"]
[White "Voiska,M"]
[Black "Srebrnic,A"]
[Result "1-0"]
[WhiteElo "2318"]
[BlackElo "2290"]
[EventDate "2008.11.13"]

1. d4 Nf6 2. Nf3 g6 3. g3 Bg7 4. Bg2 O-O 5. O-O c6 6. b3 d5 7. Bb2 a5 8. a4
Bf5 9. Nh4 Be6 10. Nd2 Qc8 11. Re1 Na6 12. e4 dxe4 13. Nxe4 Bd5 14. Qd2 Qc7
15. Nxf6+ Bxf6 16. Bh3 b5 17. axb5 cxb5 18. Rxa5 Rfc8 19. c4 bxc4 20. Bxc8
Rxc8 21. Rxd5 c3 22. Bxc3 Qxc3 23. Qxc3 Rxc3 24. Re3 Rc1+ 25. Kg2 Nb4 26.
Rd8+ Kg7 27. Rd7 Nc2 28. Re4 Ne1+ 29. Kh3 Nd3 30. Re2 Rb1 31. Nf3 Rxb3 32.
Kg2 Rb1 33. Re3 Rd1 34. Rb7 g5 35. h3 h5 36. Rb3 Nc1 37. Rb1 g4 38. hxg4
hxg4 39. Ne5 Bg5 40. Rc3 f5 41. Nc4 Ne2 42. Rxd1 Nxc3 43. Re1 Kf6 44. Re5
e6 45. Nb6 Ne4 46. Na8 Bh6 47. Nc7 Ng5 48. Ra5 Nf3 49. d5 exd5 50. Nxd5+
Kf7 51. Nf4 Nd4 52. Ra7+ Kf6 53. Ra6+ Kg7 54. Nh5+ Kh7 55. Nf6+ Kg7 56.
Ne8+ Kh7 57. Rd6 Nf3 58. Nf6+ Kg7 59. Kf1 Bg5 60. Nh5+ Kf7 61. Ke2 Ng1+ 62.
Kf1 Nf3 63. Ra6 Nd4 64. Ke1 Nf3+ 65. Kd1 Ng1 66. Ra4 Nh3 67. Ke2 Ng1+ 68.
Kf1 Nf3 69. Ra7+ Kg6 70. Ng7 Bf6 71. Ne6 Be5 72. Nf8+ Kg5 73. Ra6 Kh5 74.
Ne6 Bf6 75. Nf4+ Kg5 76. Rd6 Ne5 77. Nd5 Bg7 78. Re6 Ng6 79. Ke2 Bd4 80.
Ra6 Bc5 81. Nc7 Be7 82. Ne6+ Kh6 83. Nf4 1-0

[Event "38th Olympiad w"]
[Site "Dresden GER"]
[Date "2008.11.17"]
[Round "5"]
[White "Rozic,V"]
[Black "Velcheva,M"]
[Result "1-0"]
[WhiteElo "2293"]
[BlackElo "2280"]
[EventDate "2008.11.13"]

1. d4 d5 2. Bf4 Nf6 3. e3 c5 4. c3 Nc6 5. Nd2 Qb6 6. Qb3 c4 7. Qc2 g6 8. e4
e6 9. Be2 Bg7 10. e5 Nd7 11. Ngf3 f6 12. exf6 Nxf6 13. Ne5 O-O 14. Bg3 Nxe5
15. Bxe5 Nd7 16. Bxg7 Kxg7 17. Nf3 Qd6 18. Qd2 b5 19. O-O a5 20. a3 Bb7 21.
Rfe1 Rf5 22. Bd1 Raf8 23. Bc2 Rh5 24. Qe3 Re8 25. Ne5 Nxe5 26. dxe5 Qc6 27.
Qd4 Rf8 28. Re3 g5 29. Rg3 Kh8 30. Rg4 Rh4 31. Rxh4 gxh4 32. Qxh4 Rf7 33.
Re1 Qb6 34. Re3 b4 35. axb4 axb4 36. Bxh7 Rxh7 37. Qf6+ Rg7 38. Qf8+ 1-0

[Event "38th Olympiad w"]
[Site "Dresden GER"]
[Date "2008.11.17"]
[Round "5"]
[White "Goletiani,R"]
[Black "Bjerke,S"]
[Result "1/2-1/2"]
[WhiteElo "2359"]
[BlackElo "2204"]
[EventDate "2008.11.13"]

1. Nf3 Nf6 2. c4 g6 3. Nc3 d5 4. cxd5 Nxd5 5. Qa4+ Bd7 6. Qb3 Nb6 7. g3 Bg7
8. Bg2 Nc6 9. O-O O-O 10. d3 Bg4 11. Qd1 Qc8 12. Re1 a5 13. Be3 Bxf3 14.
Bxf3 Nd4 15. Bg2 a4 16. Rc1 c6 17. Bd2 Qe6 18. e3 Nf5 19. Qc2 Rfd8 20. Red1
h5 21. Qb1 Qf6 22. d4 Nd6 23. Be1 Bh6 24. f4 Nf5 25. Bf2 Bg7 26. Ne4 Qe6
27. Nc5 Qc8 28. b4 Nd7 29. b5 Nxc5 30. Rxc5 Ra5 31. bxc6 Rxc5 32. dxc5 bxc6
33. Rxd8+ Qxd8 34. Bxc6 Qd2 35. Bf3 Nxe3 36. c6 Nc4 37. c7 Nd6 38. Qb8+ Kh7
39. c8=Q Nxc8 40. Qxc8 Qxa2 41. f5 a3 42. fxg6+ fxg6 43. Be4 Qf7 44. Qa6 a2
45. Bxg6+ Qxg6 46. Qxa2 h4 47. Qe2 hxg3 1/2-1/2

[Event "38th Olympiad w"]
[Site "Dresden GER"]
[Date "2008.11.17"]
[Round "5"]
[White "Mkrtchian,L"]
[Black "Collas,S"]
[Result "0-1"]
[WhiteElo "2443"]
[BlackElo "2352"]
[EventDate "2008.11.13"]

1. e4 e5 2. Nf3 Nc6 3. Bb5 a6 4. Ba4 Nf6 5. d3 Bc5 6. c3 b5 7. Bb3 d6 8.
O-O O-O 9. Bg5 h6 10. Bh4 g5 11. Bg3 Bg4 12. Nbd2 Rb8 13. Re1 Kg7 14. Nf1
Re8 15. Ne3 Bxe3 16. Rxe3 d5 17. Qc2 Bxf3 18. Rxf3 d4 19. Rf5 Re7 20. h4
Kg6 21. Qc1 Nh7 22. h5+ Kg7 23. Bd5 Rb6 24. Bxc6 Rxc6 25. Bxe5+ Rxe5 26.
Rxe5 dxc3 27. Rd5 Qf6 28. bxc3 Rxc3 29. Qb2 Rc2 30. Qxc2 Qxa1+ 31. Kh2 Nf6
32. Rf5 Nxh5 33. Qxc7 Qxa2 34. d4 Nf6 35. d5 Kg6 36. Qd6 Qb2 37. f3 Kg7 38.
e5 Nh5 39. Qe7 0-1

[Event "38th Olympiad w"]
[Site "Dresden GER"]
[Date "2008.11.17"]
[Round "5"]
[White "Andriasian,S"]
[Black "Leconte,M"]
[Result "1/2-1/2"]
[WhiteElo "2290"]
[BlackElo "2349"]
[EventDate "2008.11.13"]

1. e4 e6 2. d4 d5 3. Nc3 Nf6 4. Bg5 Bb4 5. e5 h6 6. Bd2 Bxc3 7. bxc3 Ne4 8.
Qg4 g6 9. Bd3 Nxd2 10. Kxd2 c5 11. h4 Nc6 12. Nf3 cxd4 13. cxd4 Qa5+ 14. c3
b6 15. Qf4 Ba6 16. Qe3 Rc8 17. Rhc1 Qa3 18. Rc2 Bxd3 19. Qxd3 Na5 20. Ke2
Nc4 21. h5 gxh5 22. Rh1 Qf8 23. Rxh5 Qg7 24. Rc1 Ke7 25. Rch1 Rc7 26. R1h3
Rhc8 27. Rg3 Qh8 28. Nh2 Na3 29. Qa6 Nb1 30. Rhh3 Qh7 31. Rd3 Nxc3+ 32. Kf1
Ne4 33. Qa3+ Ke8 34. Rd1 Rc2 35. Ng4 Qf5 36. f3 Qf4 37. Rxh6 Ng3+ 38. Kg1
Ne2+ 39. Kf1 Ng3+ 40. Kg1 Ne2+ 41. Kf1 1/2-1/2